00391nam a2200109 a 4500008004100000050002200041100002200063245004800085246004300133260009600176350000900272120416s2004 ||||||||||||||||| || u aCBU-UG THESIS/SAK aSakala, Limbikani10aEvaluation of property management practices aa case of Kitwe Main Bus station (KMB) aKitwebCopperbelt University, School of Built Environment, Department of Land Economyc2004 a0.00